[Event "GER OS-070 email"]
[Site "GER email"]
[Date "2008.02.05"]
[Round "?"]
[White "Suessmann, Holger"]
[Black "Poppek, Robert"]
[Result "1-0"]
[WhiteElo "2000"]
[BlackElo "2000"]
[PlyCount "65"]
[EventDate "2008.??.??"]
[EventType "tourn (corr)"]
[EventRounds "6"]
[EventCountry "GER"]
[SourceTitle "Corr 2011"]
[Source "ChessBase"]
[SourceDate "2010.08.31"]
[SourceVersion "1"]
[SourceVersionDate "2010.08.31"]
[SourceQuality "1"]

1. e4 e6 2. d4 d5 3. Nc3 Bb4 4. e5 Ne7 5. a3 Bxc3+ 6. bxc3 c5 7. Qg4 0-0 8. Bd3 Qa5 9. Bd2 Qa4 10. Nf3 c4 11. Bxh7+ Kxh7 12. Qh4+ Kg8 13. Qxe7 Nc6 14. Qg5 Qxc2 15. h4 f6 16. exf6 Rxf6 17. h5 Bd7 18. Qg3 e5 19. Nxe5 Qe4+ 20. Kf1 Nxe5 21. dxe5 Rb6 22. Rh4 Rb1+ 23. Rxb1 Qxb1+ 24. Be1 Re8 25. f4 Re6 26. Qg5 Qd3+ 27. Kg1 Qd1 28. Rg4 Re7 29. Rg3 Qxe1+ 30. Kh2 Rf7 31. h6 Qe4 32. Qd8+ Kh7 33. hxg7 1-0